000 00438nam a2200181Ia 4500
008 180620s9999 xx 000 0 und d
050 _aREF PN 1993.85
050 _b.M68 1982
245 0 _aMovie trivia quiz book /
260 _aUSA :
260 _bVentura,
260 _c1982
300 _a1 volume :
300 _billustrations ;
300 _c17 cm.
650 _aMotion pictures -- Miscellanea.
650 _xTrivial truths.
999 _c358025
_d358025